| 000 | 01511nam0a22003491 4500 | ||
|---|---|---|---|
| 001 | v19\rc\1971094 | ||
| 005 | 20251118181227.0 | ||
| 035 | _a(NLR Aleph) 005069221 | ||
| 090 |
_a7077634 _c7077634 |
||
| 100 | _a20080623d1914 u y0rusy50 ca | ||
| 101 | 1 |
_arus _cfre |
|
| 102 | _aRU | ||
| 105 | _ay z ||||| | ||
| 200 | 1 |
_aЗолотая книга для женщины _f[Соч.] Маркизы де Брадье и д-ра медиц. Регеля |
|
| 210 |
_aСанкт-Петербург _cтип. "А. Смолинский" _d[1914] |
||
| 215 |
_a318, II с. _d21 |
||
| 300 | _aИзд. вышло в 2 вып. | ||
| 311 | _aБеспл. прил. к журн. "Женщина" за 1914 г. | ||
| 327 | 0 | _aС. 299-318: Женщина будущего: Ст. Роберта Бракко | |
| 422 | 0 |
_12001#$aЖенщина$v1914 _tЖенщина |
|
| 464 | 0 |
_12001#$aЖенщина будущего$eСт. Роберта Бракко _1215##$aС. 299-318 _1700#1$aБракко$bР.$gРоберт _tЖенщина будущего _aБракко, Роберт |
|
| 700 | 1 |
_7ca _8rus _aБрадье _bде _cмаркиза _f19 в. _9243962 _3RU\NLR\AUTH\770244018 |
|
| 701 | 1 |
_7ca _8rus _aДежарден _bП. А. _f1838- _gПоль Андре _9243965 _3RU\NLR\AUTH\770244021 |
|
| 801 | 0 |
_aRU _bNLR _gpsbo |
|
| 801 | 0 |
_aRU _bRuMoRGB _2psbo |
|
| 801 | 1 |
_aRU _bProSoft-M _2rusmarc |
|
| 852 |
_aNLR _j34.86.4.38 |
||
| 899 |
_aRuMoRGB _jU 303/384 |
||
| 899 | _aБАН | ||
| 942 | _cBOOK | ||
| 980 | _aNB | ||